| 000 | 00480nam a2200193Ia 4500 | ||
|---|---|---|---|
| 005 | 20240814115117.0 | ||
| 008 | 131103s9999 xx 000 0 und d | ||
| 020 | _a39103870 | ||
| 040 | _aLoreto College | ||
| 041 | _aEnglish | ||
| 082 |
_a822 _bBUR |
||
| 100 | _aBurgess, Chris | ||
| 245 | 2 |
_aA child is born _cChris Burgess |
|
| 260 |
_aEastbourne _bHolt,Rinehart and Winston _c1982 |
||
| 300 |
_a32p. _b ills. |
||
| 650 | _aEnglish drama | ||
| 850 | _aLCBED | ||
| 942 | _cBK | ||
| 999 |
_c29928 _d80407 |
||